[Event "Niederbayernliga 1516"]
[Site "Bayern"]
[Date "2015.10.25"]
[Round "2.4"]
[White "Geller, Arpad"]
[Black "Stadler, Hermann"]
[Result "1-0"]
[WhiteElo "2090"]
[BlackElo "1354"]
[PlyCount "45"]
[EventDate "2015.10.11"]
[EventType "team-tourn"]
[EventRounds "9"]
[EventCountry "GER"]
[SourceTitle "EXT 2023"]
[Source "ChessBase"]
[SourceDate "2022.10.05"]
[SourceVersion "1"]
[SourceVersionDate "2022.10.05"]
[SourceQuality "1"]
[WhiteTeam "Passau II"]
[BlackTeam "Landau Dingolfing II"]
[WhiteTeamCountry "GER"]
[BlackTeamCountry "GER"]

1. d4 d5 2. Nf3 e6 3. g3 c5 4. Bg2 Nc6 5. 0-0 Bd7 6. c4 dxc4 7. Na3 cxd4 8. Nxd4 Bxa3 9. bxa3 Rc8 10. Nb5 Qf6 11. Nd6+ Ke7 12. Nxc8+ Bxc8 13. Be3 h6 14. Qa4 a6 15. Bxc6 bxc6 16. Qxc6 Bd7 17. Qa8 Qe5 18. Rad1 g5 19. Rxd7+ Kxd7 20. Rd1+ Kc7 21. Qd8+ Kb7 22. Qb6+ Kc8 23. Rd8# 1-0